[Event "Irkutsk Region-ch sf3"]
[Site "Irkutsk"]
[Date "2014.08.06"]
[Round "3"]
[White "Eliseev, Nikolay"]
[Black "Zubakin, Leonid"]
[Result "1-0"]
[WhiteElo "2104"]
[BlackElo "1482"]
[PlyCount "69"]
[EventDate "2014.08.04"]
[EventType "swiss"]
[EventRounds "9"]
[EventCountry "RUS"]
[SourceTitle "EXT 2016"]
[Source "ChessBase"]
[SourceDate "2015.10.08"]
[SourceVersion "1"]
[SourceVersionDate "2015.10.08"]
[SourceQuality "1"]

1. d4 d5 2. Nf3 Nf6 3. b3 Bf5 4. Bb2 e6 5. e3 c5 6. Bb5+ Nc6 7. Ne5 Rc8 8. Nd2 a6 9. Nxc6 bxc6 10. Bxa6 Ra8 11. Bb7 Rb8 12. Bxc6+ Nd7 13. a4 Qg5 14. Qf3 Bd6 15. Bxd7+ Kxd7 16. c4 Rhf8 17. h4 Qg6 18. cxd5 exd5 19. Qxd5 Be6 20. Qg5 Qc2 21. Ba3 Qd3 22. dxc5 h6 23. Qh5 Rxb3 24. Nxb3 Qc3+ 25. Nd2 Qxa1+ 26. Qd1 Qxa3 27. cxd6 Qd3 28. Qe2 Qxd6 29. 0-0 g5 30. Nf3 Ke7 31. Rd1 Qb4 32. hxg5 Qxa4 33. Qd3 Qg4 34. Qd6+ Ke8 35. Qd8# 1-0

[Event "Irkutsk Baykal op"]
[Site "Irkutsk"]
[Date "2013.06.07"]
[Round "7"]
[White "Eliseev, Nikolay"]
[Black "Baraeva, Irina"]
[Result "0-1"]
[WhiteElo "2104"]
[BlackElo "2168"]
[PlyCount "72"]
[EventDate "2013.06.01"]
[EventType "swiss"]
[EventRounds "9"]
[EventCountry "RUS"]
[SourceTitle "CBM 155 Extra"]
[Source "ChessBase"]
[SourceDate "2013.08.26"]
[SourceVersion "1"]
[SourceVersionDate "2013.08.26"]
[SourceQuality "1"]

1. d4 d5 2. c4 dxc4 3. Nf3 Nf6 4. e3 e6 5. Bxc4 c5 6. 0-0 cxd4 7. exd4 Bd6 8. Nc3 0-0 9. Bg5 Nbd7 10. Rc1 h6 11. Bh4 a6 12. Qe2 b5 13. Bb3 Bb7 14. Ne5 Be7 15. f4 Rc8 16. a3 Qb6 17. Qd3 Rfd8 18. Bf2 Nxe5 19. fxe5 Ng4 20. Bc2 g6 21. Ne2 Nxe5 22. dxe5 Rxd3 23. Bxb6 Rd2 24. Bxg6 Rxc1 25. Bxf7+ Kg7 26. Rxc1 Kxf7 27. Kf1 Bxg2+ 28. Ke1 Bg5 29. Rc7+ Kg6 30. Bd4 Bf3 31. Ng1 Bh5 32. Bc3 Rxh2 33. Rc6 Kf5 34. Rxa6 Bh4+ 35. Kf1 Rf2+ 36. Ke1 Rxb2+ 0-1

[Event "Irkutsk Ermolaev Memorial 5th"]
[Site "Irkutsk"]
[Date "2011.08.13"]
[Round "8"]
[White "Eliseev, Nikolay"]
[Black "Rozhnev, Gennady"]
[Result "1-0"]
[WhiteElo "2104"]
[BlackElo "2144"]
[PlyCount "143"]
[EventDate "2011.08.06"]
[EventType "swiss"]
[EventRounds "9"]
[EventCountry "RUS"]
[SourceTitle "CBM 144 Extra"]
[Source "ChessBase"]
[SourceDate "2011.10.28"]
[SourceVersion "1"]
[SourceVersionDate "2011.10.28"]
[SourceQuality "1"]

1. c4 Nf6 2. g3 e6 3. Bg2 d5 4. Nf3 c6 5. b3 Bc5 6. Qc2 Nbd7 7. 0-0 0-0 8. Bb2 a5 9. d4 Bd6 10. Nbd2 a4 11. Rfe1 Bb4 12. Red1 Qa5 13. a3 Bxd2 14. Nxd2 axb3 15. Qxb3 Qa4 16. c5 Qxb3 17. Nxb3 Ra4 18. Rdc1 Nb8 19. e3 Na6 20. Bf3 Nc7 21. Bd1 Nd7 22. Bc3 Ra8 23. a4 f6 24. Rcb1 Nb8 25. Na5 Ra7 26. Rb2 Nca6 27. Rab1 Rf7 28. Bg4 f5 29. Be2 e5 30. Nb3 exd4 31. exd4 Nc7 32. Na5 Ne6 33. Rd2 Nd7 34. Ra1 Nf6 35. f3 g5 36. Nb3 g4 37. Rd3 gxf3 38. Rxf3 Ng5 39. Re3 Nfe4 40. Nd2 Nxc3 41. Rxc3 Ne4 42. Nxe4 fxe4 43. Kg2 Bd7 44. a5 Ra8 45. Rb3 Raf8 46. Rf1 Rxf1 47. Bxf1 Bc8 48. Be2 Kg7 49. h3 Rf7 50. Bh5 Re7 51. Kf2 Kf6 52. Be2 Bxh3 53. g4 e3+ 54. Kg3 Bf1 55. Bxf1 e2 56. Bxe2 Rxe2 57. Rxb7 Rd2 58. Rxh7 Rxd4 59. Rh6+ Kg5 60. Rxc6 Rd3+ 61. Kf2 Ra3 62. a6 Kxg4 63. Rb6 d4 64. c6 Ra2+ 65. Ke1 Kf4 66. c7 Rc2 67. a7 Ke3 68. Re6+ Kd3 69. a8Q Rc1+ 70. Kf2 Rc2+ 71. Kf3 Rxc7 72. Qe4+ 1-0